La nationalité des résidents - Europe - Statistiques

Statistiques générales
  • Ce quiz a été pris 100 fois
  • Le résultat moyen est 37 sur 45
Statistiques - réponses
Hint Réponse % Correct
France Français -e
100%
Allemagne Allemand -e
99%
Espagne Espagnol -e
99%
Portugal Portugais -e
98%
Suisse Suisse
98%
Autriche Autrichien -ne
97%
Belgique Belge
97%
Finlande Finlandais -e
96%
Grèce Grec -que
96%
Hongrie Hongrois -e
96%
Italie Italien -ne
96%
Luxembourg Luxembourgeois -e
96%
Irlande Irlandais -e
95%
Pays-Bas Néerlandais -e, Hollandais -e
95%
Norvège Norvégien -ne
95%
Pologne Polonais -e
95%
Danemark Danois -e
93%
Croatie Croate
93%
Estonie Estonien -ne
93%
Russie Russe
93%
Ukraine Ukrainien -ne
93%
Roumanie Roumain -e
92%
Slovaquie Slovaque
92%
République tchéque Tchèque
92%
Bulgarie Bulgare
91%
Lettonie Letton -e
91%
Monaco Monégasque
91%
Serbie Serbe
90%
Biélorussie / Bélarus Biélorusse
89%
Royaume-Uni Britannique / Anglais / Galloise / Ecossais
89%
Lituanie Lituanien -ne
89%
Malte Maltais -e
89%
Slovénie Slovène
88%
Suède Suédois -e
86%
Albanie Albanais -e
85%
Islande Islandais -e
84%
Chypre Chypriote
81%
Moldavie Moldave
80%
Bosnie-Herzégovine Bosnien -ne
68%
Kosovo Kosovar -e
62%
Monténégro Monténégrin -e
37%
Andorre Andorran -e
34%
Saint-Marin Saint-marinais -e
14%
Liechtenstein Liechtensteiner / Liechtensteine
7%
Vatican Vaticaniste
2%
Aucun quiz correspondant
Distribution des résultats
% des personnes avec chaque résultat
Percentile par nombre de réponses
Votre historique - résultats
Vous n’avez pas pris ce quiz